Messi and Ronaldo Right or wrong - Statistics

General Stats
  • This quiz has been taken 257 times
  • The average score is 9 of 12
Answer Stats
Question Answer % Correct
Ronaldo played at benfica Wrong
91%
Messi played at Inter Milan Wrong
91%
Ronaldo plays for Spain Wrong
91%
Messi played professionally in only 3 teams Right
82%
Ronaldo has the most goals in history Right
82%
Messi has 2 World cups Wrong
82%
Messi has more golden boots than Ronaldo Right
73%
Ronaldo is 6ft5 Wrong
73%
Ronaldo now plays for the Saudi Arabia national team Wrong
73%
Messi had 91 goals/assists in the year 2012 Right
64%
Messi and Ronaldo are the two goats Right
36%
Messi has 7 Ballon d'or Wrong
27%
No matching quizzes found
Score Distribution
Percent of People with Each Score
Percentile by Number Answered
Your Score History
You have not taken this quiz